| 000 | 00797nam a22002297a 4500 | ||
|---|---|---|---|
| 003 | 0 | ||
| 005 | 20240808133143.0 | ||
| 008 | 240808b xxu||||| |||| 00| 0 eng d | ||
| 020 | _a978-1-0718-8658-8 | ||
| 050 |
_aLB 1025.3 _b.Ec25 2023 |
||
| 100 | _aEckert, Jonathan | ||
| 245 |
_aJust teaching: _bfeedback, engagement, & well-being for each student _cJonathan Eckert |
||
| 260 |
_aThousand Oaks, California _bCorwin _c2023 |
||
| 300 |
_axv, 209 pages : _bblack and white illustrations ; _c26cm. |
||
| 504 | _aIncludes bibliographical references and index. | ||
| 650 | _aTeacher effectiveness. | ||
| 650 | _aFeedback (Psychology). | ||
| 650 | _aMotivation in education. | ||
| 650 | _aTeacher-student relationships. | ||
| 650 | _aTeaching--Psychological aspects. | ||
| 942 |
_2lcc _cBK |
||
| 999 |
_c366063 _d366063 |
||